000 00302nam a22001337a 4500
008 170524b xxu||||| |||| 00| 0 eng d
020 _a9780201704822
041 _aeng
080 _a62
100 _a26
101 _aIM
245 _aEVALUATING SOFTWARE ARCHITECTURES
_cCLEMENTS, P
942 _2udc
_cBK
999 _c13992
_d13992